Spirit of Mediaeval Philosophy, The /
In this well-known work, Etienne Gilson undertakes a sufficiently difficult task, namely, to define the spirit of mediaeval philosophy. He focuses on and supports his conclusion that the Middle Ages produced, besides a Christian literature and art as everyone admits, this very Christian philosophy,...
| Auteur principal: | |
|---|---|
| Format: | Électronique eBook |
| Langue: | Inglés Francés |
| Publié: |
Notre Dame :
University of Notre Dame Press,
2009.
|
| Collection: | Book collections on Project MUSE.
|
| Sujets: | |
| Accès en ligne: | Texto completo |
MARC
| LEADER | 00000cam a22000004a 4500 | ||
|---|---|---|---|
| 001 | musev2_99050 | ||
| 003 | MdBmJHUP | ||
| 005 | 20230905053404.0 | ||
| 006 | m o d | ||
| 007 | cr||||||||nn|n | ||
| 008 | 201029r20091936inu o 00 0 eng d | ||
| 020 | |a 9780268075088 | ||
| 020 | |z 9780268017408 | ||
| 020 | |z 9780268075064 | ||
| 035 | |a (OCoLC)1202251230 | ||
| 040 | |a MdBmJHUP |c MdBmJHUP | ||
| 041 | 1 | |a eng |h fre | |
| 100 | 1 | |a Gilson, Étienne, |d 1884-1978, |e author. | |
| 240 | 1 | 0 | |a Esprit de la philosophie medievale. |l English |
| 245 | 1 | 4 | |a Spirit of Mediaeval Philosophy, The / |c by Etienne Gilson ; translated by A.H.C. Downes. |
| 264 | 1 | |a Notre Dame : |b University of Notre Dame Press, |c 2009. | |
| 264 | 3 | |a Baltimore, Md. : |b Project MUSE, |c 2022 | |
| 264 | 4 | |c ©2009. | |
| 300 | |a 1 online resource (504 pages). | ||
| 336 | |a text |b txt |2 rdacontent | ||
| 337 | |a computer |b c |2 rdamedia | ||
| 338 | |a online resource |b cr |2 rdacarrier | ||
| 490 | 0 | |a Gifford lectures ; |v 1931-1932 | |
| 500 | |a Reprint. Originally published: New York : Scribner's, 1936. (Gifford lectures ; 1931-1932). | ||
| 500 | |a Translation of: L'esprit de la philosophie medievale. | ||
| 505 | 0 | |a The problem of Christian philosophy -- The concept of Christian philosophy -- Being and its necessity -- Beings and their contingence -- Analogy causality and finality -- Christian optimism -- The glory of God -- Christian providence -- Christian anthropology -- Christian personalism -- Self-knowledge and Christian socratism -- Knowledge of things -- The intellect and its object -- Free-will and Christian liberty -- Christian law and morality -- Intention, conscience and obligation -- The middle ages and nature -- The middle ages and history -- The middle ages and philosophy. | |
| 520 | |a In this well-known work, Etienne Gilson undertakes a sufficiently difficult task, namely, to define the spirit of mediaeval philosophy. He focuses on and supports his conclusion that the Middle Ages produced, besides a Christian literature and art as everyone admits, this very Christian philosophy, which is a matter of dispute. | ||
| 588 | |a Description based on print version record. | ||
| 650 | 6 | |a Thomistes. | |
| 650 | 6 | |a Scolastique. | |
| 650 | 6 | |a Philosophie et religion. | |
| 650 | 6 | |a Christianisme |x Philosophie. | |
| 650 | 6 | |a Philosophie medievale. | |
| 650 | 7 | |a Thomists. |2 fast |0 (OCoLC)fst01150182 | |
| 650 | 7 | |a Scholasticism. |2 fast |0 (OCoLC)fst01106919 | |
| 650 | 7 | |a Philosophy, Medieval. |2 fast |0 (OCoLC)fst01061057 | |
| 650 | 7 | |a Philosophy and religion. |2 fast |0 (OCoLC)fst01060826 | |
| 650 | 7 | |a Christianity |x Philosophy. |2 fast |0 (OCoLC)fst00859625 | |
| 650 | 0 | |a Thomists. | |
| 650 | 0 | |a Scholasticism. | |
| 650 | 0 | |a Philosophy and religion. | |
| 650 | 0 | |a Christianity |x Philosophy. | |
| 650 | 0 | |a Philosophy, Medieval. | |
| 655 | 7 | |a Electronic books. |2 local | |
| 710 | 2 | |a Project Muse. |e distributor | |
| 830 | 0 | |a Book collections on Project MUSE. | |
| 856 | 4 | 0 | |z Texto completo |u https://projectmuse.uam.elogim.com/book/99050/ |
| 945 | |a Project MUSE - Custom Collection | ||


